Reserva extrativistas e desenvolvimento sustentável na Amazónia (Registro nro. 9238)

Detalles MARC
000 -CABECERA
Campo de control 005880000a22001930004500
090 ## - CLASIFICACIÓN LOCAL
Colección AR
Consecutivo 00137
041 0# - IDIOMA
Código de idioma para texto/pista de sonido o título separado
100 1# - ASIENTO PRINCIPAL--NOMBRE PERSONAL
Nombre personal Allegretti, Mary Helena
245 10 - MENCION DE TITULO
Título Reserva extrativistas e desenvolvimento sustentável na Amazónia
650 14 - ASIENTO SECUNDARIO DE MATERIA - TERMINO TEMATICO
Término temático o nombre geográfico como elemento de entrada Reservas extractivas
650 14 - ASIENTO SECUNDARIO DE MATERIA - TERMINO TEMATICO
Término temático o nombre geográfico como elemento de entrada Recursos forestales
650 14 - ASIENTO SECUNDARIO DE MATERIA - TERMINO TEMATICO
Término temático o nombre geográfico como elemento de entrada Uso sostenible
650 14 - ASIENTO SECUNDARIO DE MATERIA - TERMINO TEMATICO
Término temático o nombre geográfico como elemento de entrada Desarrollo rural
651 #4 - ASIENTO SECUNDARIO DE MATERIA - NOMBRE GEOGRAFICO
-- Brasil
700 1# - ASIENTO SECUNDARIO - NOMBRE PERSONAL
Nombre personal Anderson, Anthony B.
700 1# - ASIENTO SECUNDARIO - NOMBRE PERSONAL
Nombre personal Almeida, Mauro
773 1# - Item fuente:
Título Destino da Floresta
Especificación de materiales 60
Paginas del Articulo 17-47
Lugar, editorial y fecha de publicación 1994
942 ## - ELEMENTOS ADICIONALES (KOHA)
Tipo de ítem Artículo
Existencias
Withdrawn status Lost status Sistema de Clasificación Damaged status No para préstamo Colección Ubicación Permanente Ubicación actual Fecha de adquisición Total Checkouts Número topográfico Inventario / Código de Barras Date last seen Ejemplar Price effective from Tipo de material
    Dewey Decimal Classification   No para Préstamo Hemeroteca Bogotá Bogotá 27/02/2015   AR 00137 Fuera de circulación 010369 25/03/2015 1 25/03/2015 Artículo